Prietokové vlny pre dimenzovanie retenčných priestorov na malých povodiach : Dizertačná práca

Enregistré dans:
Détails bibliographiques
Auteur principal: Spál, Peter, 1984- (Auteur)
Autres auteurs: Szolgay, Ján, 1953- (Directeur de thèse)
Format: Manuscrit Livre
Langue:slovaque
Publié: Bratislava : STU v Bratislave SvF, 2013
Tags: Ajouter un tag
Pas de tags, Soyez le premier à ajouter un tag!

MARC

LEADER 00000ntm a22000003a 4500
001 stu290986
005 20160721135658.5
008 140610s--------xo------------------slo-d
040 |a STU  |b slo 
041 0 |a slo 
044 |a xo 
100 1 |a Spál, Peter,  |d 1984-  |4 aut  |X 19497  |7 A000019497 
245 1 |a Prietokové vlny pre dimenzovanie retenčných priestorov na malých povodiach :  |b Dizertačná práca 
260 |a Bratislava :  |b STU v Bratislave SvF,  |c 2013 
300 |a 176 s 
700 1 |a Szolgay, Ján,  |d 1953-  |4 ths  |u V160  |U SvF Stavebná fakulta  |T SvF Katedra vodného hospodárstva krajiny  |X 691  |U V160  |Y 16  |7 A000000691 
996 |b 284V036757  |c V*3158/DP-1138  |l VVS  |s P  |a 0  |w stu290986_0001